WWE Money in the Bank winners - Statistics

General Stats
  • This quiz has been taken 7,099 times
    5,919 since last reset
  • The average score is 20 of 28
Answer Stats
Hint Answer % Correct
WrestleMania 21 Edge
93%
Money in the Bank 2012 John Cena
92%
Money in the Bank 2014 Seth Rollins
92%
WrestleMania XXIV CM Punk
90%
WrestleMania XXV CM Punk
90%
Money in the Bank 2013 Randy Orton
84%
Money in the Bank 2010 The Miz
83%
Money in the Bank 2016 Dean Ambrose
82%
Money in the Bank 2019 Brock Lesnar
81%
Money in the Bank 2010 Kane
76%
Money in the Bank 2012 Dolph Ziggler
74%
Money in the Bank 2020 Otis
73%
Money in the Bank 2011 Alberto Del Rio
71%
Money in the Bank 2015 Sheamus
71%
Money in the Bank 2011 Daniel Bryan
70%
Money in the Bank 2017 Carmella
69%
SmackDown Live Carmella
69%
WrestleMania XXVI Jack Swagger
66%
Money in the Bank 2021 Big E
65%
Money in the Bank 2020 Asuka
64%
Money in the Bank 2017 Baron Corbin
62%
WrestleMania 23 Mr Kennedy
61%
WrestleMania 22 Rob Van Dam
61%
Money in the Bank 2013 Damien Sandow
58%
Money in the Bank 2018 Alexa Bliss
56%
Money in the Bank 2019 Bayley
56%
Money in the Bank 2018 Braun Strowman
54%
Money in the Bank 2021 Nikki A.S.H.
40%
No matching quizzes found
Score Distribution
Percent of People with Each Score
Percentile by Number Answered
Your Score History
You have not taken this quiz since the last reset